[Event "XLV Sevilla Open 2020"]
[Site "Sevilla"]
[Date "2020.01.10"]
[Round "1.1"]
[White "Curado, Manuel Joao Ferro"]
[Black "Grigoryan, Karen H."]
[Result "0-1"]
[WhiteElo "1797"]
[BlackElo "2632"]
[Annotator "TA"]
[PlyCount "50"]
[EventDate "2020.01.05"]
[EventType "swiss"]
[EventCountry "ESP"]
[SourceTitle "playchess.com"]
[Source "ChessBase"]
[SourceQuality "1"]

{[%evp 19,50,0,1,-36,-18,-59,-27,-55,-58,-62,-60,-94,-73,-70,-80,-103,-87,-94,-39,-44,-35,-55,-15,-149,-132,-175,-155,-252,-243,-270,-256,-240,-238]} 1. e4 c5 2. Nf3 d6 3. d4 cxd4 4. Nxd4 Nf6 5. Nc3 a6 6. Be2 e5 7. Nb3 Be7 8. O-O O-O 9. Be3 Be6 10. f3 Nbd7 {[%cal Bb8d7,Bd7b6,Bb6c4][%mdl 32]} 11. Qd2 {B92: Sicilian Najdorf: 6 Be2} (11. Nd5 Nxd5 12. exd5 Bf5 13. Qd2 Qc7 14. Rac1 a5 15. a4 Bg6 16. Bb5 f5 17. Nxa5 f4 18. Bf2 e4 19. fxe4 f3 20. Nc4 fxg2 {½-½ (42) Kotlyanskiy,E (2565)-Riccio,E (2477) FICGS email 2010}) 11... Rc8 12. Rad1 Qc7 13. f4 {Black has an edge.} b5 14. a3 Nb6 15. f5 $146 ({Predecessor:} 15. Rf2 Qb7 16. Na5 Qc7 17. Bxb5 axb5 18. Nxb5 Qb8 19. Nxd6 Bxd6 20. Qxd6 Qxd6 21. Rxd6 {0-1 (28) Weiss,K (1412)-Slawtschew,S (1663) Leutersdorf 2003}) 15... Nc4 16. Bxc4 Bxc4 17. Rf3 Rfd8 $36 {[%mdl 2048] [#] White must now prevent ...d5. Black is on the roll.} 18. Qf2 Ng4 (18... Rd7 $17 {aiming for ...d5.} 19. Bg5 Ng4) 19. Qg3 $15 Nxe3 20. Rxe3 a5 21. Rf3 (21. Nd2 $11) 21... b4 $17 22. f6 Bxf6 23. Nd5 (23. axb4 $17 axb4 24. Rxf6 bxc3 25. bxc3) 23... Bxd5 $19 24. exd5 {next Rxf6 is good for White.} Qxc2 25. Rdf1 Qg6 {Accuracy: White = 43%, Black = 61%.} ({Not} 25... Qxb2 26. Rxf6 bxa3 27. Rxf7 $14) 0-1

[Event "XLV Sevilla Open 2020"]
[Site "Sevilla"]
[Date "2020.01.10"]
[Round "1.2"]
[White "Lu, Shanglei"]
[Black "Cortes Montoya, Antonio"]
[Result "1-0"]
[WhiteElo "2611"]
[BlackElo "1795"]
[Annotator "TA"]
[PlyCount "73"]
[EventDate "2020.01.05"]
[EventType "swiss"]
[EventCountry "ESP"]
[SourceTitle "playchess.com"]
[Source "ChessBase"]
[SourceQuality "1"]

{[%evp 22,73,32,27,66,63,85,85,85,70,85,77,83,76,87,85,86,99,105,50,60,73,70,62,125,116,212,200,197,187,185,186,176,189,164,151,287,254,374,383,381,372,579,552,541,566,529,515,778,752,1436,1375,1716,1250]} 1. e4 c5 2. Nf3 Nc6 3. d4 cxd4 4. Nxd4 Nf6 5. Nc3 e5 6. Ndb5 d6 7. Bg5 a6 8. Na3 b5 9. Nd5 Be7 10. Bxf6 Bxf6 11. c3 Bg5 12. Nc2 Be6 {B33: Sicilian: Pelikan and Sveshnikov Variations} (12... Rb8 13. Be2 O-O 14. O-O a5 15. Na3 Na7 16. Qd3 Kh8 17. Rfd1 Be6 18. Ne3 b4 19. Nac4 Nb5 20. cxb4 axb4 21. Nxd6 Nxd6 22. Qxd6 Bxe3 23. Qxd8 Rfxd8 24. fxe3 {½-½ (68) So,W (2754)-Grischuk,A (2772) Moscow 2019}) 13. a4 Rb8 14. axb5 axb5 {White is better.} 15. h4 Bh6 $146 ({Predecessor:} 15... Be7 16. Ra6 Bd7 17. Nce3 O-O 18. Nf5 Re8 19. Ndxe7+ Rxe7 20. Nxe7+ Qxe7 {1-0 (29) Oliver Amengual,A (1931)-Bergas Ferriol,J (2050) Palma de Mallorca 2013}) 16. Ra6 Qc8 17. Ncb4 Nxb4 18. Nxb4 Qb7 19. Bd3 $36 {[%mdl 2048] White has strong initiative.} ({Of course not} 19. Qxd6 $6 Qxe4+ 20. Be2 Qb1+ 21. Bd1 Qe4+ 22. Be2 Qb1+ 23. Bd1 Qe4+ 24. Be2 $11) 19... O-O 20. Rxd6 (20. Qe2 $16) 20... Rbd8 21. Rxd8 Rxd8 22. Qe2 Bb3 (22... g6 $14) 23. O-O $16 Rb8 (23... g6 $16) 24. Ra1 $18 g6 25. Na6 Rc8 26. Bxb5 {Strongly threatening c4.} Bf8 27. c4 Rd8 28. c5 Rd4 (28... Bd1 $16 29. Qf1 (29. Rxd1 Rxd1+ 30. Qxd1 Qxb5 $16) 29... Bg4) 29. Rc1 Bh6 (29... Rd1+ $142 30. Rxd1 Bxd1) 30. c6 Qc8 31. Ra1 {[#] aiming for Nc5.} Rd2 (31... Bf8 $142 32. c7 Be6) 32. Qf3 {White is clearly winning.} Be6 33. Qc3 Rd4 34. Nc5 Bd2 (34... Bg4 $142 35. Nd7 Bd2) 35. Qc2 Bb4 36. Nxe6 {[%mdl 64] [#] Overworked Piece} Qxe6 37. c7 {Accuracy: White = 84%, Black = 34%.} 1-0

[Event "XLV Sevilla Open 2020"]
[Site "Sevilla"]
[Date "2020.01.10"]
[Round "1.3"]
[White "Gomez Gonzalez, Agustin"]
[Black "Pridorozhni, Aleksei"]
[Result "0-1"]
[WhiteElo "1794"]
[BlackElo "2601"]
[Annotator "TA"]
[PlyCount "64"]
[EventDate "2020.01.05"]
[EventType "swiss"]
[EventCountry "ESP"]
[SourceTitle "playchess.com"]
[Source "ChessBase"]
[SourceQuality "1"]

{[%evp 16,64,27,9,14,-2,25,14,16,0,0,0,0,-31,37,21,55,55,70,80,102,12,18,39,36,-35,-22,-12,0,0,0,0,0,0,0,-55,-51,-60,-16,-80,-57,-77,-58,-78,-74,-229,-211,-342,-158,-29992,-29993]} 1. e4 c5 2. Nc3 Nc6 3. Bb5 Nd4 4. Nf3 e6 5. O-O a6 6. Bd3 Ne7 7. Nxd4 cxd4 8. Ne2 d5 9. exd5 Qxd5 {B30: Sicilian: 2...Nc6 3 Bb5, lines without ...g6} (9... Nxd5 10. c3 dxc3 11. dxc3 Bd6 12. c4 Nf6 13. Ng3 Bd7 14. Qe2 Qc7 15. Bg5 O-O-O 16. b4 Bxb4 17. Rab1 {½-½ (39) Kryvoruchko,Y (2669)-Gukesh,D (2520) Douglas 2019}) 10. Ng3 f5 $146 ({Predecessor:} 10... h5 11. Be4 Qc5 12. Bf3 Nf5 13. Nxf5 Qxf5 {½-½ (62) Daylo,L (1969)-Bao,K (2139) Da Nang 2008}) 11. Re1 g6 {The position is equal.} 12. b3 Bg7 13. Bc4 Qc6 14. Bb2 e5 (14... b5 $15 15. Be2 Kf7) 15. c3 $14 b5 16. Bf1 f4 {Hoping for ...dxc3.} 17. Ne4 {Strongly threatening cxd4.} Bf5 18. f3 ({Better is} 18. Qe2 $16) 18... dxc3 $11 19. Nxc3 O-O 20. Rc1 (20. a4 $14) 20... Qb6+ $15 21. Kh1 Rad8 $36 {[%mdl 2048] White is under pressure.} 22. a4 {[%cal Ra4b5]} Nd5 23. Nxd5 Rxd5 24. b4 Rfd8 25. a5 ({White should play} 25. Bc3 $11) 25... Qd6 26. Bc3 h5 27. Qb3 (27. Qe2 $1 $11) 27... Kh7 28. Qb2 g5 29. Be2 g4 30. fxg4 $2 (30. Bd1 $17) 30... hxg4 $19 {And now ...g3 would win.} 31. Bd1 (31. d3 {was worth a try.}) 31... g3 (31... Qh6 $19 {is more deadly. ( -> ...g3)} 32. Bc2 {[#]} Rd3 $1 {[%mdl 512]}) 32. Bb3 $2 {[#]} (32. Bc2 $17 Qg6 33. Bxf5 Qxf5 34. Rf1) 32... Qh6 $1 {[%mdl 512] Accuracy: White = 27%, Black = 63%.} 0-1

[Event "XLV Sevilla Open 2020"]
[Site "Sevilla"]
[Date "2020.01.10"]
[Round "1.5"]
[White "Palacios Llorente, Javier"]
[Black "Li, Di"]
[Result "0-1"]
[WhiteElo "1778"]
[BlackElo "2562"]
[Annotator "TA"]
[PlyCount "54"]
[EventDate "2020.01.05"]
[EventType "swiss"]
[EventCountry "ESP"]
[SourceTitle "playchess.com"]
[Source "ChessBase"]
[SourceQuality "1"]

{[%evp 14,54,31,18,28,11,21,0,-6,-114,-108,-107,-99,-116,-102,-117,-98,-123,-104,-117,-108,-187,-187,-184,-179,-224,-224,-222,-222,-404,-422,-408,-414,-410,-420,-401,-408,-425,-422,-530,-527,-509,-499]} 1. e4 c5 2. Nf3 Nc6 3. Nc3 e6 4. d4 cxd4 5. Nxd4 Qc7 6. g3 a6 7. Bg2 Nf6 8. O-O h5 {B47: Sicilian: Taimanov: 5 Nc3 Qc7 6 f4, 6 g3 and 6 Be2} 9. h3 Bc5 (9... Nxd4 10. Qxd4 Bc5 11. Bf4 d6 12. Qd2 e5 13. Be3 Be6 14. Rfd1 Bxe3 15. Qxe3 b5 16. Rd2 {1-0 (36) Le,Q (2713)-Caruana,F (2822) Bucharest 2019}) 10. Nde2 Ne5 $146 {The position is equal.} ({Predecessor:} 10... h4 11. g4 b5 12. Bf4 Ne5 13. Bh2 Bb7 14. Nf4 b4 15. g5 Nh7 16. g6 bxc3 17. gxf7+ Kxf7 {0-1 (49) Ramu,K (2113)-Gusain,H (2412) Majitar 2019}) 11. Be3 (11. Nf4 $11 {remains equal.}) 11... Bxe3 $17 12. fxe3 b5 13. a3 Bb7 14. Qd4 d6 15. b3 Rc8 16. Rad1 Qc5 17. Qxc5 (17. Rf2 $17 {keeps fighting.}) 17... Rxc5 $19 ({Resist} 17... dxc5 18. Nf4 $17) 18. Rxd6 {[#]} Ke7 $1 {[%cal Re7d6]} 19. Rb6 Rc7 20. Nd4 Nfd7 21. Ncxb5 $2 (21. Rxb7 Rxb7 22. Rd1) 21... axb5 ({Weaker is} 21... Nxb6 22. Nxc7 Kd7 23. Nxa6 $17) 22. Nxb5 Nxb6 23. Nxc7 Rc8 24. Nb5 Rxc2 25. Nd4 Rc3 {Black is clearly winning.} 26. Kf2 Nbd7 27. a4 Nc5 {Accuracy: White = 20%, Black = 97%.} 0-1

[Event "XLV Sevilla Open 2020"]
[Site "Sevilla"]
[Date "2020.01.10"]
[Round "1.6"]
[White "Shevchenko, Kirill"]
[Black "Fernandez Aransay, Fernando"]
[Result "1-0"]
[WhiteElo "2553"]
[BlackElo "1775"]
[Annotator "TA"]
[PlyCount "45"]
[EventDate "2020.01.05"]
[EventType "swiss"]
[EventCountry "ESP"]
[SourceTitle "playchess.com"]
[Source "ChessBase"]
[SourceQuality "1"]

{[%evp 26,51,105,96,163,120,165,184,267,133,342,332,334,336,365,365,1453,1398,29990,29991,2318,1142,1133,751,729,715,690,682]} 1. e4 c5 2. Nf3 d6 3. d4 cxd4 4. Nxd4 Nf6 5. Nc3 g6 6. Be3 Bg7 7. f3 O-O 8. Qd2 Nc6 9. Bc4 Bd7 10. O-O-O Rc8 11. Bb3 Ne5 12. Kb1 Nc4 13. Bxc4 Rxc4 14. g4 Be6 {B78: Sicilian Dragon: Yugoslav Attack, 9 Bc4 Bd7 10 0-0-0 Rc8} (14... Qc7 $16) (14... b5 15. b3 b4 16. bxc4 bxc3 17. Qxc3 Qc7 18. g5 Nh5 19. Ka1 Rc8 20. Rb1 Be6 21. Rb2 Bxc4 22. Rhb1 d5 23. exd5 {1-0 (55) So,W (2754)-Duda,J (2728) Moscow 2019}) 15. Nce2 {[#]} a6 $146 ({Predecessor:} 15... d5 16. e5 Nd7 17. Nf4 Nxe5 18. Nfxe6 fxe6 19. Nxe6 Nxf3 20. Qe2 Qc8 21. Nxf8 Rb4 22. c3 Qxc3 {1-0 (38) Polzin,R (2469)-Watson,W (2520) Germany 2001}) 16. h4 h5 (16... Qd7 $142 17. h5 Rfc8) 17. Bh6 (17. Nxe6 $18 {and White stays clearly on top.} fxe6 18. Nf4) 17... Bxh6 $2 (17... Bc8 $16 {is a better defense.}) 18. Qxh6 $18 Bxg4 19. Rhg1 ({Not} 19. fxg4 Nxg4 20. Qd2 Nf2 $16) 19... Qc8 20. fxg4 hxg4 $2 {[#]} (20... Nxg4 21. Qg5 Re8) 21. h5 $1 Nxh5 22. Rh1 Rc5 23. Nf4 {Played: Nd4-f5} 1-0

[Event "XLV Sevilla Open 2020"]
[Site "Sevilla"]
[Date "2020.01.10"]
[Round "1.7"]
[White "Cherry, John Bradford"]
[Black "Harutyunian, Tigran K."]
[Result "0-1"]
[WhiteElo "1773"]
[BlackElo "2533"]
[Annotator "TA"]
[PlyCount "48"]
[EventDate "2020.01.05"]
[EventType "swiss"]
[EventCountry "ESP"]
[SourceTitle "playchess.com"]
[Source "ChessBase"]
[SourceQuality "1"]

{[%evp 9,48,-35,-35,-41,-38,-40,-35,-30,-27,-29,-25,-25,-31,-66,-35,-89,-83,-140,-135,-161,-168,-164,-172,-174,-171,-398,-417,-438,-444,-435,-440,-433,-439,-440,-443,-430,-416,-29988,-29989,-29993,-29994]} 1. e4 c5 2. f4 d5 3. Bb5+ (3. exd5 Qxd5 4. Nc3 Qe6+ 5. Be2 Nc6 6. Nf3 g6 7. O-O Bg7 8. b3 Nf6 9. Ba3 b6 10. d4 Qe3+ 11. Kh1 Qxc3 12. d5 {0-1 (25) Moiseenko,V (2558)-Jakovenko,D (2710) Sochi 2017}) 3... Bd7 4. Bxd7+ Qxd7 5. e5 Nc6 6. Nf3 {B21: Sicilian: 2 f4 and Morra Gambit} e6 7. d3 Nge7 8. c3 {Black is slightly better.} h5 9. Qe2 $146 ({Predecessor:} 9. Qa4 Nxe5 10. Qxd7+ Nxd7 11. Na3 a6 {0-1 (31) Spojda,R (1726)-Szmer,A Gora Sw Anny 2009}) 9... Nf5 10. O-O Be7 11. b3 h4 12. Bb2 (12. Na3 $15) 12... O-O-O 13. Qf2 (13. Na3 $142) 13... f6 $17 14. d4 Rdg8 15. Nbd2 fxe5 16. Nxe5 Nxe5 17. dxe5 $2 (17. fxe5 {only move.} g5 18. Qf3) 17... g5 $19 18. fxg5 Bxg5 {[#] Hoping for ...Be3.} 19. Qxc5+ Kb8 20. Rxf5 exf5 21. Nf3 Qg7 {( -> ...Be3+!)} 22. Nxg5 Qxg5 {[%csl Gg8][%cal Rg5g2]} 23. Qxd5 {[#]} (23. Qf2 $19 h3 24. g3) 23... Qe3+ 24. Kh1 h3 0-1

[Event "XLV Sevilla Open 2020"]
[Site "Sevilla"]
[Date "2020.01.10"]
[Round "1.8"]
[White "Shariyazdanov, Andrey"]
[Black "Badier Carave, David Olivier"]
[Result "1-0"]
[WhiteElo "2519"]
[BlackElo "1772"]
[Annotator "RC"]
[PlyCount "49"]
[EventDate "2020.01.05"]
[EventType "swiss"]
[EventCountry "ESP"]
[SourceTitle "playchess.com"]
[Source "ChessBase"]
[SourceQuality "1"]
[TimeControl "5400+30"]

1. d4 {[%emt 0:00:00]} Nf6 {[%emt 0:00:00]} 2. c4 {[%emt 0:00:00]} c5 {[%emt 0:00:00]} 3. Nf3 {[%emt 0:00:30]} cxd4 {[%emt 0:00:20]} 4. Nxd4 {[%emt 0:00:06]} e5 {[%emt 0:02:22]} 5. Nb5 {[%emt 0:00:23]} d5 {[%emt 0:00:09]} 6. cxd5 {[%emt 0:00:10]} Bc5 {[%emt 0:00:07]} 7. N5c3 {[%emt 0:01:12]} O-O {[%emt 0:01:14]} 8. e3 {[%emt 0:00:44]} e4 {[%emt 0:00:49]} 9. Be2 {[%emt 0:00:32]} Bf5 {[%emt 0:01:35]} 10. Nd2 {[%emt 0:02:25]} Re8 {[%emt 0:02:56]} 11. Nb3 {[%emt 0:06:25]} Bb6 {[%emt 0:03:49]} 12. O-O {[%emt 0:08:21]} Nbd7 {[%emt 0:07:03]} 13. Nd4 {[%emt 0:01:08]} Bg6 {[%emt 0:01:02]} 14. f4 {[%emt 0:00:41]} exf3 {[%emt 0:02:53]} 15. gxf3 {[%emt 0:01:42]} Rc8 {[%emt 0:05:24]} 16. e4 {[%emt 0:04:02]} Bxe4 {[%emt 0:12:03]} 17. fxe4 {[%emt 0:00:40]} Nxe4 {[%emt 0:00:12]} 18. Bf3 {[%emt 0:07:35]} Qh4 {[%emt 0:12:11]} 19. Nxe4 {[%emt 0:03:43]} Rxe4 {[%emt 0:00:13]} 20. Bxe4 {[%emt 0:00:08]} Qxe4 {[%emt 0:00:05]} 21. Rf4 {[%emt 0:00:27]} Qe5 {[%emt 0:04:13]} 22. Kf1 {[%emt 0:04:52]} Rxc1 {[%emt 0:01:44]} 23. Qxc1 {[%emt 0:00:10]} Bxd4 {[%emt 0:00:10]} 24. Qc8+ {[%emt 0:00:09]} Nf8 {[%emt 0:00:05]} 25. Qf5 {[%emt 0:00:11]} 1-0

[Event "XLV Sevilla Open 2020"]
[Site "Sevilla"]
[Date "2020.01.10"]
[Round "1.9"]
[White "Munoz Mesa, Miguel Angel"]
[Black "Matamoros Franco, Carlos S."]
[Result "0-1"]
[WhiteElo "1771"]
[BlackElo "2487"]
[Annotator "ChessBase"]
[PlyCount "60"]
[EventDate "2020.01.05"]
[EventType "swiss"]
[EventCountry "ESP"]
[SourceTitle "playchess.com"]
[Source "ChessBase"]
[SourceQuality "1"]
[TimeControl "5400+30"]

1. Nf3 {[%emt 0:00:00]} Nf6 {[%emt 0:00:00]} 2. Nc3 {[%emt 0:00:00]} d5 {[%emt 0:00:00]} 3. d4 {[%emt 0:00:07]} e6 {[%emt 0:00:54]} 4. a3 {[%emt 0:00:12]} c5 {[%emt 0:00:16]} 5. Bg5 {[%emt 0:00:36]} h6 {[%emt 0:00:40]} 6. Bh4 {[%emt 0:00:22]} cxd4 {[%emt 0:00:18]} 7. Nxd4 {[%emt 0:01:35]} e5 {[%emt 0:02:37]} 8. Bxf6 {[%emt 0:00:37]} gxf6 {[%emt 0:00:10]} 9. Nb3 {[%emt 0:02:57]} d4 {[%emt 0:00:20]} 10. Ne4 {[%emt 0:03:03]} f5 {[%emt 0:00:38]} 11. Ng3 {[%emt 0:00:21]} a5 {[%emt 0:01:56]} 12. e4 {[%emt 0:04:55]} dxe3 {[%emt 0:06:38]} 13. Qxd8+ {[%emt 0:00:21]} Kxd8 {[%emt 0:00:04]} 14. O-O-O+ {[%emt 0:00:23]} Kc7 {[%emt 0:00:07]} 15. fxe3 {[%emt 0:00:16]} Be6 {[%emt 0:06:27]} 16. Nd2 {[%emt 0:04:20]} h5 {[%emt 0:03:48]} 17. e4 {[%emt 0:00:37]} f4 {[%emt 0:03:44]} 18. Nf5 {[%emt 0:03:24]} Nd7 {[%emt 0:00:22]} 19. Bc4 {[%emt 0:03:49]} Nf6 {[%emt 0:01:55]} 20. Bxe6 {[%emt 0:03:47]} fxe6 {[%emt 0:00:02]} 21. Nh4 {[%emt 0:00:20]} Ng4 {[%emt 0:04:11]} 22. Rde1 {[%emt 0:00:31]} Bc5 {[%emt 0:02:04]} 23. Nhf3 {[%emt 0:02:06]} Rhg8 {[%emt 0:01:04]} 24. g3 {[%emt 0:06:00]} Raf8 {[%emt 0:04:27]} 25. gxf4 {[%emt 0:01:29]} exf4 {[%emt 0:01:27]} 26. e5 {[%emt 0:02:27]} Be3 {[%emt 0:01:04]} 27. Rhf1 {[%emt 0:01:04]} Rf5 {[%emt 0:02:24]} 28. Kd1 {[%emt 0:05:14]} Rd8 {[%emt 0:02:42]} 29. Ke2 {[%emt 0:03:34]} Bxd2 {[%emt 0:00:18]} 30. Nxd2 {[%emt 0:00:28]} Rxe5+ {[%emt 0:00:03]} 0-1

[Event "XLV Sevilla Open 2020"]
[Site "Sevilla"]
[Date "2020.01.10"]
[Round "1.10"]
[White "Gagare, Shardul"]
[Black "Espejo Montagut, Jose Maria"]
[Result "1-0"]
[WhiteElo "2481"]
[BlackElo "1768"]
[Annotator "TA"]
[PlyCount "67"]
[EventDate "2020.01.05"]
[EventType "swiss"]
[EventCountry "ESP"]
[SourceTitle "playchess.com"]
[Source "ChessBase"]
[SourceQuality "1"]

{[%evp 12,67,9,4,41,41,121,119,185,205,197,125,201,83,89,70,72,68,74,25,45,39,45,33,31,38,54,-65,35,-90,63,64,181,-3,64,61,57,59,73,69,88,55,57,53,266,263,285,282,857,834,766,749,29991,29992,29992,29993,29993,29994]} 1. e4 c6 2. d4 d5 3. e5 Bf5 4. h4 h5 5. Bd3 Bxd3 6. Qxd3 e6 7. Nf3 Qc7 {B12: Caro-Kann: Advance Variation} (7... Nh6 8. Bxh6 Rxh6 9. O-O Be7 10. g3 Kf8 11. c4 dxc4 12. Qxc4 Nd7 13. Nc3 Nb6 14. Qb3 Rg6 15. Kh2 {1-0 (28) Fier,A (2595)-Granda Zuniga,J (2586) Florianopolis 2019}) 8. O-O c5 $146 (8... Nd7 $14) ({Predecessor:} 8... Nd7 9. c3 O-O-O 10. b4 Nh6 11. a4 Nf5 12. b5 Be7 13. Ba3 c5 14. Ng5 Rdf8 15. g3 Bxg5 16. hxg5 {1-0 (48) Takacs,L (2237)-Kormos,A (1980) Hungary 2006}) 9. c4 $1 $16 cxd4 (9... dxc4 $16 10. Qxc4 Qc6) 10. cxd5 $18 ({And not} 10. Qxd4 Nc6 $11) 10... exd5 11. Nxd4 (11. e6 $18 fxe6 12. Nxd4) 11... Qc4 (11... Nc6 $16) 12. Qd1 (12. Qxc4 $18 {is more deadly. White threatens Qc8+ and mate.} dxc4 13. Nb5) 12... Nc6 $16 13. Nf3 O-O-O 14. Nbd2 Qg4 $1 15. a3 Rh6 16. b4 Rg6 {[%csl Gg6][%cal Rg4g2]} 17. g3 Be7 18. Kh2 Nh6 19. b5 (19. Nb3 $1 $14 f6 20. Bxh6 gxh6 21. Rc1) 19... Nd4 (19... Bc5 $1 $15 20. bxc6 Bxf2 21. cxb7+ Kb8 22. Rxf2 Qxg3+ {[%mdl 64] Double Attack} 23. Kh1 Qxf2) 20. Bb2 (20. Nxd4 $1 $14 {stays ahead.} Qxd4 {[%mdl 64] Double Attack} 21. Ra2) 20... Nxf3+ $2 ({Black should play} 20... Nxb5 $17 21. Qb3 Nc7) 21. Nxf3 $14 Nf5 {[#]} (21... b6 $14) 22. Nd4 $2 (22. Rc1+ $1 $18 Kb8 23. Qc2) 22... Nxd4 ({Better is} 22... Ne3 $1 $11 23. Qxg4+ Nxg4+ 24. Kg2 Nxe5) 23. Qxd4 Qxd4 24. Bxd4 b6 25. a4 Kb7 26. Rfc1 Rg4 27. f4 f6 $2 (27... Bxh4 $1 $14 28. gxh4 Rxf4) 28. Rc6 $18 fxe5 29. Bxe5 {And now Rc7+ would win.} Rd7 $2 (29... Bf6 30. Bxf6 gxf6 31. Rxf6 Rgg8) 30. Rac1 Bc5 {[#]} 31. a5 $1 {[%mdl 512] a6+ would kill now.} Rd8 (31... bxa5 32. R6xc5) 32. Rc7+ {[%mdl 64] Double Attack. White mates.} Ka8 33. R1xc5 bxc5 {[#]} 34. b6 $1 {Accuracy: White = 52%, Black = 21%.} 1-0

[Event "XLV Sevilla Open 2020"]
[Site "Sevilla"]
[Date "2020.01.10"]
[Round "1.11"]
[White "Wastiaux, Roland"]
[Black "Swayams, Mishra"]
[Result "0-1"]
[WhiteElo "1768"]
[BlackElo "2479"]
[Annotator "TA"]
[PlyCount "48"]
[EventDate "2020.01.05"]
[EventType "swiss"]
[EventCountry "ESP"]
[SourceTitle "playchess.com"]
[Source "ChessBase"]
[SourceQuality "1"]

{[%evp 13,48,0,0,-7,9,0,0,-9,-11,-4,26,-17,-15,-99,-95,-141,-109,-141,-108,-130,-133,-132,-137,-156,-159,-197,-189,-248,-244,-313,-315,-518,-500,-817,-901,-887,-889]} 1. d4 Nf6 2. Bf4 d5 3. e3 c5 4. c3 Nc6 5. Nd2 e6 6. Ngf3 Bd6 7. Bg3 O-O 8. Ne5 {D02: 1 d4 d5 2 Nf3 sidelines, including 2...Nf6 3 g3 and 2...Nf6 3 Bf4} (8. Bb5 Ne7 9. Bd3 Qb6 10. Rb1 Bd7 11. Ne5 Bb5 12. c4 dxc4 13. Nexc4 Bxc4 14. Nxc4 Qb4+ 15. Kf1 Bxg3 {½-½ (42) Grachev,B (2614)-Karjakin,S (2754) Moscow 2019}) 8... Bxe5 9. dxe5 Nd7 10. Nf3 $146 {The position is equal.} ({Predecessor:} 10. f4 b6 11. Bd3 Bb7 12. O-O a5 13. Bc2 f5 14. exf6 Nxf6 {½-½ (51) Gorozhanin,M (2435)-Ehlvest,J (2536) chess.com INT 2018}) 10... Qc7 {[%cal Rc6e5]} 11. Bd3 {[#] aiming for Bxh7+!} g6 {[%cal Rc6e5]} 12. Bc2 Ndxe5 13. Ng5 (13. O-O $11) 13... f6 14. Nh3 Qf7 15. Qe2 b6 16. b3 a5 17. f4 Ba6 18. Qd1 Nd7 19. Nf2 f5 20. h4 (20. Bd3 $142) 20... Nf6 $19 21. Qf3 Qg7 {Threatens to win with ...Ne4.} 22. Nd1 $2 (22. Rc1) 22... Ne4 {Black is clearly winning.} 23. Bxe4 (23. a3 $142 Nxc3 24. h5) 23... dxe4 24. Qf2 {[#]} Nb4 $1 {[%mdl 576] Pin. Accuracy: White = 17%, Black = 63%.} 0-1

[Event "XLV Sevilla Open 2020"]
[Site "Sevilla"]
[Date "2020.01.10"]
[Round "1.12"]
[White "Alsina Leal, Daniel"]
[Black "Hidalgo Sanchez, Marcos"]
[Result "1-0"]
[WhiteElo "2465"]
[BlackElo "1767"]
[Annotator "TA"]
[PlyCount "69"]
[EventDate "2020.01.05"]
[EventType "swiss"]
[EventCountry "ESP"]
[SourceTitle "playchess.com"]
[Source "ChessBase"]
[SourceQuality "1"]

{[%evp 19,81,9,17,21,18,0,0,-2,8,-14,0,0,-1,-10,28,13,48,43,59,56,56,61,61,51,49,62,67,20,15,0,0,2,71,32,216,223,300,73,129,75,88,104,220,230,504,508,519,517,517,502,495,501,416,408,357,334,572,606,597,569,662,363,650,646]} 1. c4 e5 2. Nc3 Nc6 3. g3 d6 4. Bg2 f5 5. e3 Nf6 6. Nge2 g6 7. d3 Bg7 8. O-O O-O 9. Rb1 a5 10. a3 Ne7 11. Bd2 {A25: English Opening vs King's Indian with ...Nc6 but without early d3} (11. f4 exf4 12. Nxf4 c6 13. Bd2 Qe8 14. Na4 Ra6 15. c5 d5 16. Nb6 g5 17. Nxc8 Nxc8 18. Nh3 Qg6 {1-0 (38) Cruz,F (2314)-Fernandez Cardoso,A (2439) Barcelona 2018}) 11... c6 12. Qc2 $146 ({Predecessor:} 12. b4 axb4 13. axb4 Be6 14. Qc2 d5 {1-0 (33) Paulovic,M (2205)-Vejmelek,M (2100) Czechia 1997}) 12... Be6 13. b4 {The position is equal.} axb4 14. Rxb4 Qc7 15. Rfb1 Rfb8 16. Qb3 {[%cal Rb4b7]} Bc8 17. Na4 $36 {[%mdl 2048] White has good play.} Nd7 18. Nb6 Nxb6 19. Rxb6 Kh8 20. a4 Ra7 $1 21. a5 Rba8 $1 22. d4 Ng8 23. Bb4 Nf6 24. dxe5 dxe5 25. Rd1 Qf7 (25... Nd7 $11 26. c5 Nf6) 26. Rd8+ $16 Ne8 $2 ({Better is} 26... Ng8 $1 $14) 27. a6 $1 $18 Bf6 {[#]} 28. axb7 $2 (28. Bd5 $1 $18 {[%cal Rd5f7] is the precise move to win.} cxd5 {[#]} 29. Rxf6 $1 {[%mdl 512]} Qxf6 {[%mdl 64] Double Attack} 30. Rxe8+ Kg7 31. Bc3) 28... Bxd8 (28... Rxb7 $142 29. Rxb7 Ra1+ 30. Bf1 Bxb7) 29. b8=Q (29. bxa8=R $142 Rxa8 30. Rxc6 Ra1+ 31. Bf1) 29... Rxb8 30. Rxb8 Ra1+ (30... Qd7 $16) 31. Bf1 Qc7 $2 (31... Qd7 {was necessary.} 32. Bc3 {[%mdl 64] Double Attack} Ra7 33. Bxe5+ (33. Qb4 Kg8 $18) 33... Bf6) 32. Bc3 Ra7 {[#] Black hopes to continue with ...Bf6.} 33. Bxe5+ $1 {[%mdl 576] Deflection} Qxe5 34. Rxc8 {[%mdl 64] Double Attack} Bf6 35. Nd4 {Played: Qb3-b6} 1-0